| 000 | 00787nam a2200265Ia 4500 | ||
|---|---|---|---|
| 005 | 20260302120035.0 | ||
| 008 | 008 260114s9999 xx 000 0 eng d | ||
| 020 | _a9781509910885 | ||
| 037 | _aTextbook | ||
| 040 | _aCRL | ||
| 040 | _beng | ||
| 040 | _cCRL | ||
| 041 | _2eng | ||
| 041 | _aeng | ||
| 084 | _qCRL | ||
| 100 |
_aDavid Lynch _91123449 |
||
| 245 | 4 | _aThe Role of Circuit Courts in the Formation of United States Law in the Early Republic Following Supreme Court Justices Washington, Livingston, Story and Thompson | |
| 260 | _bBloomsbury | ||
| 260 | _bHart Publishing | ||
| 260 | _c2018 | ||
| 650 | _aLaw | ||
| 856 | _uhttps://dx.doi.org/10.5040/9781509910885?locatt=label:secondary_bloomsburyCollections | ||
| 942 | _cEBOOK | ||
| 999 |
_c1688354 _d1688354 |
||